Seamus - Pink Floyd full Lyrics - Statistics

General Stats
  • This quiz has been taken 5 times
  • The average score is 25 of 38
Answer Stats
Answer % Correct
I
100%
I
100%
was
100%
was
100%
was
100%
was
100%
and
80%
in
80%
in
80%
Seamus,
80%
Seamus,
80%
the
80%
the
80%
the
80%
the
80%
cried.
60%
dog,
60%
down
60%
hound,
60%
hound
60%
kitchen,
60%
kitchen,
60%
my
60%
my
60%
old
60%
old
60%
outside.
60%
outside.
60%
right
60%
sat
60%
that's
60%
Well,
60%
Well,
60%
just
40%
sun
40%
But
20%
slowly,
20%
sinks
0%
No matching quizzes found
Score Distribution
Percent of People with Each Score
Percentile by Number Answered
Your Score History
You have not taken this quiz